Haiku. (Record no. 96878)
[ view plain ]
| 000 -LEADER | |
|---|---|
| fixed length control field | 00613cam9a220020500 4500 |
| 001 - CONTROL NUMBER | |
| control field | tmp15763094 |
| 003 - CONTROL NUMBER IDENTIFIER | |
| control field | UPRA |
| 005 - DATE AND TIME OF LATEST TRANSACTION | |
| control field | 20190819092335.0 |
| 008 - FIXED-LENGTH DATA ELEMENTS--GENERAL INFORMATION | |
| fixed length control field | 951023n xx eng u |
| 035 ## - SYSTEM CONTROL NUMBER | |
| System control number | (Sirsi) r42927 |
| 035 ## - SYSTEM CONTROL NUMBER | |
| System control number | (UPRA)tmp15763094 |
| 040 ## - CATALOGING SOURCE | |
| Transcribing agency | UPRA |
| 100 1# - MAIN ENTRY--PERSONAL NAME | |
| Personal name | Blyth, Reginald Horace. |
| Linkage | A732.1 |
| 245 10 - TITLE STATEMENT | |
| Title | Haiku. |
| 949 ## - LOCAL PROCESSING INFORMATION (OCLC) | |
| a | PL729 |
| v | VOL. 1 |
| w | lcc |
| i | -52651 |
| m | MAIN |
| t | BOOK |
| l | ON-SHELF |
| 949 ## - LOCAL PROCESSING INFORMATION (OCLC) | |
| a | PL729 |
| v | VOL. 2 |
| w | lcc |
| i | -52652 |
| m | MAIN |
| t | BOOK |
| l | ON-SHELF |
| 949 ## - LOCAL PROCESSING INFORMATION (OCLC) | |
| a | PL729 |
| v | VOL. 3 |
| w | lcc |
| i | -52653 |
| m | MAIN |
| t | BOOK |
| l | ON-SHELF |
| 949 ## - LOCAL PROCESSING INFORMATION (OCLC) | |
| a | PL729 |
| v | VOL. 4 |
| w | lcc |
| i | -52654 |
| m | MAIN |
| t | BOOK |
| l | ON-SHELF |
| Withdrawn status | Lost status | Source of classification or shelving scheme | Damaged status | Not for loan | Home library | Current library | Shelving location | Total Checkouts | Full call number | Barcode | Date last seen | Copy number | Price effective from | Koha item type |
|---|---|---|---|---|---|---|---|---|---|---|---|---|---|---|
| Library of Congress Classification | Main Library | Main Library | On Shelf | PL729 VOL.1 | -52651 | 08/19/2019 | 1 | 08/19/2019 | Book | |||||
| Library of Congress Classification | Main Library | Main Library | On Shelf | PL729 VOL.2 | -52652 | 08/19/2019 | 1 | 08/19/2019 | Book | |||||
| Library of Congress Classification | Main Library | Main Library | On Shelf | PL729 VOL.3 | -52653 | 08/19/2019 | 1 | 08/19/2019 | Book | |||||
| Library of Congress Classification | Main Library | Main Library | On Shelf | PL729 VOL.4 | -52654 | 08/19/2019 | 1 | 08/19/2019 | Book |